000 00571nam a22001457a 4500
020 _a0-8075-5141-4
082 _a823
_bWAR/B
100 _aGERTRUDE CHANDLER WARNER
245 _aTHE BOXCAR CHILDREN
_bMIKE'S MYSTERY
260 _bALBERT WHITEMAN AND COMPANY
300 _a128
520 _aFour brave siblings were searching for a home – and found a life of adventure! Join the Boxcar Children as they investigate the mystery of a suspicious house fire in this illustrated chapter book series beloved by generations of readers.
650 _aMIKE'S MYSTERY
942 _cBK
999 _c450
_d450